000 00410nam a2200145Ia 4500
008 231217s9999 xx 000 0 und d
041 _aEnglish
082 _a001.6424JAV APP;3
100 _aAppel, Andrew W
245 0 _aModern compiler implementation in JAVA
260 _c2000
_bCambridge University Press
_aCambridge
300 _ax+548
650 _aModern,compiler,implementation,JAVA
942 _cAA
999 _c172374
_d172374